Kader - Bayer Leverkusen 2020/2021 - Statistiken

Allgemein
  • Dieses Quiz wurde 146 mal gespielt
  • Das Durchschnittsergebnis liegt bei 20 aus 30
Antwortstatistiken
# Position Antwort % Korrekt
1 TW Lukas Hradecky
97%
4 IV Jonathan Tah
92%
14 ST Patrik Schick
91%
27 ZOM Florian Wirtz
90%
19 LM Moussa Diaby
88%
38 RM Karim Bellarabi
83%
10 ZM Kerem Demirbay
81%
9 RM Leon Bailey
79%
12 IV Edmond Tapsoba
76%
13 ST Lucas Alario
76%
36 TW Niklas Lomb
75%
8 RV Lars Bender
74%
11 ZOM Nadiem Amiri
74%
5 IV Sven Bender
74%
20 ZM Charles Aranguiz
72%
30 RV Jeremie Frimpong
72%
15 ZDM Julian Baumgartlinger
69%
18 LV Wendell
62%
22 LV Daley Sinkgraven
60%
7 LM Paulinho
59%
21 TW Lennart Grill
58%
25 ZM Ezequiel Palacios
55%
24 RV Timothy Fosu-Mensah
51%
6 IV Aleksandar Dragovic
47%
23 RV Mitchell Weiser
47%
16 IV Tin Jedvaj
45%
28 LM Demarai Gray
34%
2 RV Santiago Arias
28%
37 ST Emrehan Gedikli
24%
39 ZM Cem Türkmen
18%
Keine übereinstimmenden Quizze gefunden
Verteilung der Resultate
Anzahl Personen mit jedem Resultat
Perzentil nach korrekt beantworteten Fragen
Ihre Resultats-Entwicklung
Sie haben dieses Quiz noch nicht gespielt